Największe księżyce danej planety - Statystyki

Ogólne statystyki
  • Ten quiz został rozwiązany 54 razy
  • Średni wynik to 9 z 23
Statystyki odpowiedzi
Planeta Ksiezyc % Poprawnych
1. Ziemia Ksiezyc
98%
4. Jowisz Europa
78%
3. Jowisz Io
75%
1. Saturn Tytan
73%
1. Mars Phobos
63%
2. Jowisz Kallisto
60%
2. Mars Deimos
50%
1. Neptun Tryton
48%
1. Pluton Charon
45%
1. Uran Tytania
40%
4. Uran Ariel
28%
2. Saturn Rea
28%
4. Saturn Dione
25%
3. Saturn Japet
25%
2. Uran Oberon
25%
3. Uran Umbriel
25%
2. Pluton Hydra
23%
3. Pluton Nix
23%
1. Jowisz Ganymedes
20%
4. Pluton Kerberos
18%
2. Neptun Proteusz
13%
3. Neptun Nereida
10%
4. Neptun Larissa
8%
Nie znaleziono quizów pasujących do podanych kryteriów
Rozkład punktacji
Procent ludzi z każdym wynikiem
Percentyl według liczby udzielonych odpowiedzi
Twoja historia wyników
Nie rozwiązałeś tego quizu